000 00445nam a2200181Ia 4500
008 230711s9999||||xx |||||||||||||| ||und||
020 _a978-81-265-2741-0
041 _aENG
082 _a5.1
_bSI-P
100 _aSivanandam,S N
245 0 _aPrinciples of Soft Computing
250 _a2nd Ed.
260 _c2013
_aNew Delhi
_bWiley Eastern Limited
300 _a724p.
650 _aComputer Engineering
700 _aDeepa,S.N
942 _cBK
999 _c5989
_d5989